Cardiff City Best Scorer By Year - Statistics

General Stats
  • This quiz has been taken 35 times
  • The average score is 3 of 9
Answer Stats
Player % Correct
Bobby Reid
79%
Víctor Camarasa
69%
Jordon Mutch
38%
Trevor Ford
21%
Derek Tapscott
17%
Wilf Grant
17%
Dai Ward
14%
Gerry Hitchens
14%
Ken Chisholm
10%
No matching quizzes found
Score Distribution
Percent of People with Each Score
Percentile by Number Answered
Your Score History
You have not taken this quiz